000
00390nam a22001577a 4500
003
MPLRDC
005
20220104123923.0
008
210129b ||||| |||| 00| 0 eng d
082
_a
910.33 KLY
100
_a
奥托. 卡洛伊
245
_a
音乐入门
_c
罗伟铭译
260
_a
_b
天地图书有限公司
_c
300
_b
平
650
_a
音乐教学法
942
_c
BK
_o
910.33 KLY
999
_c
15241
_d
15231